Stati per percentuale di Miliardari - Statistics

Statistiche generali
  • Questo quiz è stato fatto 31 volte
  • Il punteggio medio è 8 su 15
Statistiche sulle risposte
Miliardari per 1 000 000 di abitanti Continente Nazione % Corretto
1,853 America del Nord Stati Uniti
100%
78,710 Europa Monaco
73%
2,987 Europa Svezia
73%
1,460 Europa Germania
69%
2,226 Europa Norvegia
69%
4,044 Europa Svizzera
69%
25,710 Europa Liechtenstein
62%
4,573 Asia Singapore
58%
3,849 Europa Malta
50%
3,559 America del Nord Barbados
35%
1,808 Europa Irlanda
35%
2,713 Europa Islanda
35%
3,158 Asia Israele
31%
37,037 America del Nord Saint Kitts e Nevis
31%
9,008 Asia Cipro
23%
Nessun quiz corrispondente trovato
Distribuzione punteggi
Percentuale di utenti per punteggio
Percentile per numero di risposta
I tuoi punteggi nel tempo
Non hai fatto questo quiz